[Event "NRW Class2 1617"]
[Site "Germany"]
[Date "2017.03.05"]
[Round "7.8"]
[White "Strozewski, Frank"]
[Black "Gross, Werner"]
[Result "1/2-1/2"]
[WhiteElo "2045"]
[BlackElo "2198"]
[PlyCount "110"]
[EventDate "2016.09.25"]
[EventType "team-tourn"]
[EventRounds "9"]
[EventCountry "GER"]
[SourceTitle "EXT 2023"]
[Source "ChessBase"]
[SourceDate "2022.10.05"]
[SourceVersion "1"]
[SourceVersionDate "2022.10.05"]
[SourceQuality "1"]
[WhiteTeam "Erkenschwick"]
[BlackTeam "Niederkassel"]
[WhiteTeamCountry "GER"]
[BlackTeamCountry "GER"]

1. c4 c5 2. Nc3 Nc6 3. g3 g6 4. Bg2 Bg7 5. d3 d6 6. e4 h5 7. h3 Bd7 8. Nge2 h4 9. g4 Qc8 10. Be3 Nd4 11. Nd5 e6 12. Ndf4 Rb8 13. Nxd4 cxd4 14. Bd2 Ne7 15. 0-0 b5 16. b3 Qa6 17. Ne2 e5 18. f4 f5 19. fxe5 dxe5 20. exf5 gxf5 21. gxf5 Bxf5 22. Bb4 Qg6 23. Rf3 e4 24. Nf4 Qg5 25. Bxe7 Qxe7 26. Nd5 Qe5 27. Rf1 e3 28. Qe2 0-0 29. Rf4 Bg6 30. Raf1 Rxf4 31. Nxf4 Bf7 32. Qg4 bxc4 33. bxc4 Rb6 34. Be4 Rf6 35. Qxh4 Bh6 36. Qg4+ Kf8 37. Qc8+ Kg7 38. Qg4+ Kf8 39. Ne2 Be6 40. Rxf6+ Qxf6 41. Qf3 Qxf3 42. Bxf3 Bg7 43. Bg4 Bf7 44. Kf1 Ke7 45. Nf4 Kd6 46. Ke1 Ke5 47. Ng2 Bf6 48. Ke2 Bg5 49. Ne1 Bf6 50. a3 Be8 51. Nf3+ Kf4 52. Ne1 Bc6 53. Bf3 Bd7 54. Bg4 Bxg4+ 55. hxg4 Kxg4 1/2-1/2

[Event "Bad Woerishofen Seniors op 32nd"]
[Site "Bad Woerishofen"]
[Date "2016.03.03"]
[Round "7"]
[White "Lainburg, Viktor"]
[Black "Gross, Werner"]
[Result "1-0"]
[WhiteElo "2033"]
[BlackElo "2201"]
[PlyCount "97"]
[EventDate "2016.02.26"]
[EventType "swiss"]
[EventRounds "9"]
[EventCountry "GER"]
[SourceTitle "EXT 2019"]
[Source "ChessBase"]
[SourceDate "2018.10.10"]
[SourceVersion "1"]
[SourceVersionDate "2018.10.10"]
[SourceQuality "1"]

1. d4 Nf6 2. Bg5 c5 3. Bxf6 gxf6 4. d5 f5 5. c4 Bg7 6. Qc2 Qb6 7. Nc3 e5 8. e3 Na6 9. a3 Qg6 10. f3 Nc7 11. Bd3 d6 12. 0-0-0 Bh6 13. Re1 Qf6 14. Nh3 Rg8 15. Rhf1 Bd7 16. Kb1 0-0-0 17. Nf2 Rxg2 18. Ng4 Rxc2 19. Nxf6 Rxh2 20. Nxd7 Kxd7 21. Bxf5+ Ke7 22. Bxh7 Bxe3 23. Rxe3 Rxh7 24. f4 f6 25. fxe5 fxe5 26. Ref3 Rg8 27. Rf6 Ne8 28. Re6+ Kd7 29. Ne4 Re7 30. Rh6 Kc7 31. Kc2 Rg2+ 32. Kc3 Reg7 33. Rf8 Rg8 34. Rh7+ R8g7 35. Rxg7+ Nxg7 36. Rf7+ Kb8 37. Nxd6 b6 38. Re7 Rg6 39. Ne4 Nf5 40. Rxe5 Nd6 41. Nxd6 Rxd6 42. Re7 Rh6 43. Kd3 Rh4 44. b4 cxb4 45. axb4 b5 46. c5 Rxb4 47. d6 Rc4 48. Re8+ Kb7 49. d7 1-0

[Event "NRW Class2 1516"]
[Site "Germany"]
[Date "2015.10.25"]
[Round "2.8"]
[White "Gross, Werner"]
[Black "Klemme, Thomas"]
[Result "1/2-1/2"]
[WhiteElo "2080"]
[BlackElo "1896"]
[PlyCount "82"]
[EventDate "2015.09.27"]
[EventType "team-tourn"]
[EventRounds "9"]
[EventCountry "GER"]
[SourceTitle "EXT 2017"]
[Source "ChessBase"]
[SourceDate "2016.10.25"]
[SourceVersion "1"]
[SourceVersionDate "2016.10.25"]
[SourceQuality "1"]
[WhiteTeam "Niederkassel"]
[BlackTeam "Herford Koenigsspringer"]
[WhiteTeamCountry "GER"]
[BlackTeamCountry "GER"]

1. c4 Nf6 2. Nc3 d5 3. cxd5 Nxd5 4. g3 g6 5. Bg2 c6 6. Nf3 Bg7 7. 0-0 0-0 8. d4 Nd7 9. e4 Nc7 10. Be3 Nb6 11. Qe2 Be6 12. Rfd1 Qc8 13. Rac1 Rd8 14. Ng5 Bg4 15. f3 Bd7 16. f4 h6 17. Nf3 Bg4 18. b3 Qe6 19. Qf1 f5 20. e5 Ncd5 21. Nxd5 Nxd5 22. Bd2 Qd7 23. h3 Bxf3 24. Bxf3 e6 25. Kh2 Bf8 26. Qg2 Kh7 27. Rg1 Qf7 28. g4 Be7 29. gxf5 exf5 30. Qf2 Rd7 31. Qe2 Qe6 32. Rg2 Bh4 33. Qc4 Rg8 34. Rd1 Bd8 35. Qc2 Bb6 36. Bc1 Ne7 37. Be3 Rgd8 38. Qf2 Nd5 39. Bd2 Ne7 40. Be3 Nd5 41. Bd2 Ne7 1/2-1/2

[Event "EU-chT Seniors 15th"]
[Site "Dresden"]
[Date "2013.07.24"]
[Round "5"]
[White "Vinke, Dietmar"]
[Black "Gross, Werner"]
[Result "1/2-1/2"]
[WhiteElo "2225"]
[BlackElo "2223"]
[PlyCount "22"]
[EventDate "2013.07.20"]
[EventType "team-swiss"]
[EventRounds "9"]
[EventCountry "GER"]
[SourceTitle "CBM 155 Extra"]
[Source "ChessBase"]
[SourceDate "2013.08.26"]
[SourceVersion "1"]
[SourceVersionDate "2013.08.26"]
[SourceQuality "1"]
[WhiteTeam "Finland"]
[BlackTeam "Rheinland Mattadore"]
[WhiteTeamCountry "FIN"]
[BlackTeamCountry "GER"]

1. Nf3 c5 2. g3 Nc6 3. Bg2 g6 4. 0-0 Bg7 5. e4 e6 6. c3 Nf6 7. Re1 0-0 8. d4 d5 9. e5 Nd7 10. Bg5 Qb6 11. Qd2 f6 1/2-1/2

[Event "EU-chT Seniors 15th"]
[Site "Dresden"]
[Date "2013.07.23"]
[Round "4"]
[White "Gross, Werner"]
[Black "Pedersen, Sven"]
[Result "1/2-1/2"]
[WhiteElo "2223"]
[BlackElo "2225"]
[PlyCount "35"]
[EventDate "2013.07.20"]
[EventType "team-swiss"]
[EventRounds "9"]
[EventCountry "GER"]
[SourceTitle "CBM 155 Extra"]
[Source "ChessBase"]
[SourceDate "2013.08.26"]
[SourceVersion "1"]
[SourceVersionDate "2013.08.26"]
[SourceQuality "1"]
[WhiteTeam "Rheinland Mattadore"]
[BlackTeam "Norresundby"]
[WhiteTeamCountry "GER"]
[BlackTeamCountry "DEN"]

1. c4 e5 2. Nc3 Nc6 3. g3 g6 4. Bg2 Bg7 5. e4 d6 6. Nge2 Nh6 7. 0-0 0-0 8. d3 f5 9. Rb1 Nd4 10. Nxd4 exd4 11. Ne2 Qf6 12. Nf4 c6 13. b4 Nf7 14. Bb2 Nd8 15. a4 Ne6 16. Nxe6 Bxe6 17. f4 Qf7 18. Qd2 1/2-1/2

[Event "GER-chT Seniors 21st"]
[Site "Berlin"]
[Date "2012.09.11"]
[Round "2.44"]
[White "Gross, Werner"]
[Black "Weisenburger, Horst"]
[Result "1-0"]
[WhiteElo "2076"]
[BlackElo "2095"]
[PlyCount "75"]
[EventDate "2012.09.10"]
[EventType "team-swiss"]
[EventRounds "7"]
[EventCountry "GER"]
[SourceTitle "CBM 150 Extra"]
[Source "ChessBase"]
[SourceDate "2012.10.19"]
[SourceVersion "1"]
[SourceVersionDate "2012.10.19"]
[SourceQuality "1"]
[WhiteTeam "NRW Seniors II"]
[BlackTeam "Wuerttemberg Seniors"]
[WhiteTeamCountry "GER"]
[BlackTeamCountry "GER"]

1. c4 f5 2. Nf3 g6 3. g3 Bg7 4. Bg2 e5 5. d3 Nc6 6. Nc3 d6 7. 0-0 Nf6 8. e4 0-0 9. Bg5 h6 10. Bd2 Be6 11. Nh4 Kh7 12. exf5 gxf5 13. Nd5 Nd4 14. Bc3 c6 15. Nf4 exf4 16. Bxd4 d5 17. b3 Rf7 18. Qe2 Re7 19. Qb2 Ng4 20. h3 fxg3 21. hxg4 dxc4 22. Bxg7 Rxg7 23. Nxf5 Bxf5 24. gxf5 Qxd3 25. f6 c3 26. Qc1 Rg5 27. Qf4 gxf2+ 28. Rxf2 c2 29. f7 Rf8 30. Raf1 Qd5 31. Rxc2 c5 32. Rd2 Qe6 33. Rd6 Qe2 34. Rf2 Qe1+ 35. Kh2 Rh5+ 36. Bh3 Qc3 37. Qg3 Qa1 38. Qg6+ 1-0

[Event "GER-ch Seniors"]
[Site "Dresden"]
[Date "2012.08.11"]
[Round "3"]
[White "Schmidt, Bodo"]
[Black "Gross, Werner"]
[Result "1-0"]
[WhiteElo "2343"]
[BlackElo "2201"]
[PlyCount "105"]
[EventDate "2012.08.09"]
[EventType "swiss"]
[EventRounds "9"]
[EventCountry "GER"]
[SourceTitle "EXT 2014"]
[Source "ChessBase"]
[SourceDate "2013.11.20"]
[SourceVersion "1"]
[SourceVersionDate "2013.11.20"]
[SourceQuality "1"]

1. d4 Nf6 2. Nf3 e6 3. e3 b6 4. Bd3 Bb7 5. 0-0 Be7 6. Nbd2 d5 7. Ne5 0-0 8. b3 c5 9. Bb2 Nbd7 10. Qe2 Rc8 11. a4 Ne4 12. Nxd7 Qxd7 13. Nxe4 dxe4 14. Bb5 Qc7 15. dxc5 Qxc5 16. Ba3 Qg5 17. Bxe7 Qxe7 18. Rfd1 Rfd8 19. Rxd8+ Rxd8 20. Rd1 Rd6 21. Kf1 Qd8 22. Ke1 Rxd1+ 23. Qxd1 Qxd1+ 24. Kxd1 Kf8 25. Kd2 Ke7 26. Kc3 a5 27. b4 Kd6 28. Kb3 f6 29. c4 Bc8 30. c5+ bxc5 31. bxa5 Bb7 32. a6 Bd5+ 33. Ka3 Kc7 34. a5 Kb8 35. Ka4 Ka7 36. Bd7 Bc4 37. Bc8 e5 38. Bb7 Bxa6 39. Bxe4 h6 40. Bc6 Be2 41. Bb5 Bd1+ 42. Ka3 Bc2 43. Kb2 Be4 44. f3 Bd5 45. Kc3 Kb7 46. e4 Be6 47. Bc4 Bd7 48. Bd5+ Ka6 49. Kc4 Kxa5 50. Kxc5 Be8 51. Kd6 Bb5 52. Be6 Bf1 53. Bh3 1-0

[Event "GER-chT Seniors 20th"]
[Site "Gladenbach"]
[Date "2011.09.12"]
[Round "2.4"]
[White "Roedel, Egmar"]
[Black "Gross, Werner"]
[Result "1/2-1/2"]
[WhiteElo "1903"]
[BlackElo "2074"]
[PlyCount "66"]
[EventDate "2011.09.11"]
[EventType "team-swiss"]
[EventRounds "7"]
[EventCountry "GER"]
[SourceTitle "CBM 144 Extra"]
[Source "ChessBase"]
[SourceDate "2011.10.28"]
[SourceVersion "1"]
[SourceVersionDate "2011.10.28"]
[SourceQuality "1"]
[WhiteTeam "Brandenburg"]
[BlackTeam "NRW II"]
[WhiteTeamCountry "GER"]
[BlackTeamCountry "GER"]

1. d4 Nf6 2. Nc3 d5 3. Bg5 Nbd7 4. Nf3 g6 5. e3 Bg7 6. Bd3 0-0 7. 0-0 c5 8. Re1 Re8 9. e4 dxe4 10. Nxe4 Nxe4 11. Bxe4 cxd4 12. Nxd4 Qb6 13. Be3 Qxb2 14. Rb1 Qxa2 15. Nb5 Qa5 16. Bd4 Ne5 17. Qe2 Be6 18. Bxe5 Bxe5 19. Bxb7 Bf6 20. Bxa8 Rxa8 21. Qe3 Rc8 22. Nd4 Bc4 23. Red1 Qc5 24. c3 a5 25. Ra1 Kg7 26. Qh3 Bd5 27. Rxa5 Qxa5 28. Qxc8 Qa4 29. Qg4 Kg8 30. Qc8+ Kg7 31. Qg4 Kg8 32. Qc8+ Kg7 33. Qg4 Kg8 1/2-1/2

[Event "Dresden ZMD op 20th"]
[Site "Dresden"]
[Date "2011.08.09"]
[Round "4"]
[White "Gross, Werner"]
[Black "Fruebing, Stefan"]
[Result "0-1"]
[WhiteElo "2253"]
[BlackElo "2363"]
[PlyCount "80"]
[EventDate "2011.08.06"]
[EventType "swiss"]
[EventRounds "9"]
[EventCountry "GER"]
[SourceTitle "CBM 143 Extra"]
[Source "ChessBase"]
[SourceDate "2011.08.29"]
[SourceVersion "1"]
[SourceVersionDate "2011.08.29"]
[SourceQuality "1"]

1. c4 e5 2. Nc3 Nf6 3. g3 d5 4. cxd5 Nxd5 5. Bg2 Nb6 6. a3 Be7 7. d3 0-0 8. Nf3 Nc6 9. b4 a6 10. 0-0 f5 11. Be3 Be6 12. Rc1 Kh8 13. Na4 Nxa4 14. Qxa4 Bd6 15. Nd2 Bd7 16. Qd1 Qe7 17. Nb3 f4 18. Bd2 Rf6 19. Nc5 Bxc5 20. Rxc5 Raf8 21. Bc3 b6 22. Rc4 Qd6 23. Qa1 f3 24. Bxf3 Rxf3 25. exf3 Qxd3 26. Rd1 Qxf3 27. Rxd7 Qxf2+ 28. Kh1 Qe2 29. Rf4 Rxf4 30. gxf4 Qf3+ 31. Kg1 Qg4+ 32. Kh1 Qxd7 33. fxe5 Nd8 34. Kg1 Qg4+ 35. Kf2 Qf4+ 36. Kg2 Qe4+ 37. Kg3 Ne6 38. Qc1 h5 39. Qd1 Qe3+ 40. Qf3 h4+ 0-1

[Event "Dresden ZMD op 20th"]
[Site "Dresden"]
[Date "2011.08.06"]
[Round "1"]
[White "Vorobiov, Evgeny E"]
[Black "Gross, Werner"]
[Result "1-0"]
[WhiteElo "2574"]
[BlackElo "2253"]
[PlyCount "105"]
[EventDate "2011.08.06"]
[EventType "swiss"]
[EventRounds "9"]
[EventCountry "GER"]
[SourceTitle "CBM 143 Extra"]
[Source "ChessBase"]
[SourceDate "2011.08.29"]
[SourceVersion "1"]
[SourceVersionDate "2011.08.29"]
[SourceQuality "1"]

1. e4 c5 2. Nf3 e6 3. Nc3 Nc6 4. d4 cxd4 5. Nxd4 Qc7 6. f4 a6 7. Nxc6 Qxc6 8. Bd3 Bc5 9. Qe2 d6 10. Be3 Bd7 11. 0-0-0 0-0-0 12. e5 d5 13. Qf2 Bxe3+ 14. Qxe3 Ne7 15. Ne2 Qa4 16. Kb1 Nc6 17. c3 Kb8 18. Rd2 Qa5 19. Rhd1 Ne7 20. Nd4 g6 21. Qf2 Qc5 22. Qh4 Nc8 23. Be2 Qe7 24. Qf2 f6 25. Qe3 Rhf8 26. g3 fxe5 27. Qxe5+ Qd6 28. Qe3 Ne7 29. Bg4 Nf5 30. Bxf5 exf5 31. Nf3 Qe6 32. Qxe6 Bxe6 33. Re1 Bg8 34. Re7 Rf7 35. Rde2 Rxe7 36. Rxe7 Kc8 37. Rg7 Re8 38. Nd4 Kb8 39. Kc2 Ka7 40. Nc6+ Kb6 41. Ne5 Be6 42. Kd3 d4 43. c4 Bc8 44. b4 a5 45. a3 axb4 46. axb4 Ka6 47. Rxh7 b5 48. c5 Bb7 49. c6 Bc8 50. Rg7 Be6 51. Rxg6 Kb6 52. h4 Ba2 53. Rg7 1-0

[Event "GER-ch Seniors 21st"]
[Site "Dresden"]
[Date "2009.08.07"]
[Round "6"]
[White "Gross, Werner"]
[Black "Haletzki, Bernd"]
[Result "1-0"]
[WhiteElo "2249"]
[BlackElo "1884"]
[PlyCount "77"]
[EventDate "2009.08.03"]
[EventType "swiss"]
[EventRounds "9"]
[EventCountry "GER"]
[SourceTitle "CBM 131 Extra"]
[Source "ChessBase"]
[SourceDate "2009.09.03"]
[SourceVersion "2"]
[SourceVersionDate "2009.09.16"]
[SourceQuality "1"]

1. c4 Nf6 2. Nc3 e6 3. Nf3 Bb4 4. Qc2 0-0 5. e3 c5 6. a3 Bxc3 7. Qxc3 d5 8. cxd5 Qxd5 9. Bc4 Qh5 10. 0-0 a6 11. Qe5 Qxe5 12. Nxe5 Nbd7 13. Nxd7 Bxd7 14. b3 b5 15. Be2 Bc6 16. Bb2 Nd7 17. Rac1 Rfc8 18. d3 Bd5 19. Bd1 f6 20. e4 Bb7 21. f4 f5 22. Bf3 fxe4 23. dxe4 Nb6 24. Rfd1 c4 25. Bd4 Nd7 26. bxc4 Rxc4 27. Rxc4 bxc4 28. Bxg7 Nc5 29. Bd4 Nd3 30. Rb1 Bc6 31. Rb6 Rc8 32. g3 Ne1 33. Bg4 Kf7 34. Bc3 Nd3 35. Rxa6 Nc5 36. Ra7+ Ke8 37. Bh5+ Kf8 38. Rxh7 Ra8 39. Bf6 1-0

[Event "GER-ch Seniors 21st"]
[Site "Dresden"]
[Date "2009.08.05"]
[Round "4"]
[White "Schwier, Manfred"]
[Black "Gross, Werner"]
[Result "0-1"]
[WhiteElo "2156"]
[BlackElo "2249"]
[PlyCount "81"]
[EventDate "2009.08.03"]
[EventType "swiss"]
[EventRounds "9"]
[EventCountry "GER"]
[SourceTitle "CBM 131 Extra"]
[Source "ChessBase"]
[SourceDate "2009.09.03"]
[SourceVersion "2"]
[SourceVersionDate "2009.09.16"]
[SourceQuality "1"]

1. e4 c5 2. Nf3 e6 3. d4 cxd4 4. Nxd4 Nc6 5. c3 Qc7 6. Be3 Nf6 7. Nd2 Be7 8. Nxc6 Qxc6 9. Bd3 b6 10. Qe2 Bb7 11. g4 h5 12. g5 Ng4 13. f3 Nxe3 14. Qxe3 Qc5 15. Qxc5 Bxc5 16. h4 Ke7 17. Ke2 d5 18. e5 a5 19. Nb3 Ba6 20. a4 Bxd3+ 21. Kxd3 f6 22. f4 fxe5 23. fxe5 Bf2 24. Rh3 Rhf8 25. Nd2 Rf4 26. Nf3 Raf8 27. Ke2 Bc5 28. Re1 Rxa4 29. Kd3 Raf4 30. Nd2 Bf2 31. Reh1 R4f5 32. b4 axb4 33. Ra1 b5 34. cxb4 Rxe5 35. Nb3 Rf4 36. Nc5 Rxb4 37. Ra7+ Kd6 38. Nb7+ Kc7 39. Nc5+ Kb6 40. Nd7+ Kxa7 41. Nxe5 0-1

[Event "GER-ch Seniors 21st"]
[Site "Dresden"]
[Date "2009.08.04"]
[Round "3"]
[White "Gross, Werner"]
[Black "Kahn, Peter"]
[Result "1-0"]
[WhiteElo "2249"]
[BlackElo "2064"]
[PlyCount "93"]
[EventDate "2009.08.03"]
[EventType "swiss"]
[EventRounds "9"]
[EventCountry "GER"]
[SourceTitle "CBM 131 Extra"]
[Source "ChessBase"]
[SourceDate "2009.09.03"]
[SourceVersion "2"]
[SourceVersionDate "2009.09.16"]
[SourceQuality "1"]

1. Nf3 d5 2. g3 Nf6 3. Bg2 c6 4. 0-0 Bg4 5. c4 e6 6. b3 Nbd7 7. Bb2 Be7 8. d3 0-0 9. Nbd2 a5 10. a3 b5 11. Rc1 Qb6 12. h3 Bh5 13. e4 dxe4 14. dxe4 Rfd8 15. Qc2 Bg6 16. Bd4 Bc5 17. Bxc5 Qxc5 18. cxb5 Qxc2 19. Rxc2 cxb5 20. Nd4 b4 21. Nc6 Re8 22. axb4 axb4 23. Nxb4 Ra3 24. Rc7 Nb6 25. Rb7 Nfd7 26. Rc1 Rb8 27. Rbc7 Kf8 28. Kf1 f6 29. f4 Bf7 30. Nc6 Rc8 31. Rxc8+ Nxc8 32. e5 Ncb6 33. Ke2 h6 34. Kd3 Bg6+ 35. Kc3 Ra2 36. Nb4 Ra7 37. Kd4 Ra3 38. Rc7 Ra1 39. Bc6 Rd1 40. Ke3 Be8 41. Nd3 Rg1 42. Kf2 Ra1 43. Rb7 Rd1 44. Ke2 Rg1 45. Nf1 Nc5 46. Rxb6 Nxd3 47. Rb8 1-0

[Event "NRW Class2 0708"]
[Site "Germany"]
[Date "2008.03.02"]
[Round "7.5"]
[White "Gross, Werner"]
[Black "Schockenbaeumer, Dirk"]
[Result "1/2-1/2"]
[WhiteElo "2272"]
[BlackElo "2203"]
[PlyCount "60"]
[EventDate "2007.09.16"]
[EventType "team"]
[EventRounds "9"]
[EventCountry "GER"]
[SourceTitle "EXT 2009"]
[Source "ChessBase"]
[SourceDate "2008.11.26"]
[SourceVersion "1"]
[SourceVersionDate "2008.11.26"]
[SourceQuality "1"]
[WhiteTeam "Niederkassel"]
[BlackTeam "Solingen III"]
[WhiteTeamCountry "GER"]
[BlackTeamCountry "GER"]

1. c4 Nf6 2. Nc3 c5 3. g3 g6 4. Bg2 Bg7 5. Nf3 0-0 6. 0-0 d5 7. cxd5 Nxd5 8. Nxd5 Qxd5 9. d3 Nc6 10. Be3 Qd6 11. Rc1 Nd4 12. Nxd4 cxd4 13. Bd2 Bd7 14. Qb3 Bc6 15. Bb4 Qd7 16. Bxc6 bxc6 17. Qc4 Rfc8 18. Bc5 h5 19. Rc2 Rc7 20. e3 dxe3 21. fxe3 e5 22. e4 Re8 23. Kg2 Qe6 24. Qxe6 Rxe6 25. Kf3 Bf8 26. Rfc1 Rd7 27. Ke2 Bh6 28. Be3 Bxe3 29. Kxe3 Red6 30. Rc3 Kf8 1/2-1/2

[Event "EU-chT Seniors 10th"]
[Site "Dresden"]
[Date "2008.02.17"]
[Round "7.3"]
[White "Gross, Werner"]
[Black "Dickhoff, Ronald"]
[Result "1/2-1/2"]
[WhiteElo "2272"]
[BlackElo "2158"]
[PlyCount "95"]
[EventDate "2008.02.11"]
[EventType "team-swiss"]
[EventRounds "9"]
[EventCountry "GER"]
[SourceTitle "CBM 122 Extra"]
[Source "ChessBase"]
[SourceDate "2008.03.04"]
[SourceVersion "1"]
[SourceVersionDate "2008.03.04"]
[SourceQuality "1"]
[WhiteTeam "Rhein Sieg"]
[BlackTeam "Den Haag"]
[WhiteTeamCountry "GER"]
[BlackTeamCountry "NED"]

1. Nf3 Nf6 2. c4 b6 3. g3 Bb7 4. Bg2 e6 5. Nc3 Be7 6. 0-0 0-0 7. d3 c5 8. e4 d6 9. a3 Nc6 10. Rb1 Nd7 11. b4 Nd4 12. Be3 Nxf3+ 13. Bxf3 Ne5 14. Bg2 Nc6 15. Ne2 Rc8 16. b5 Nb8 17. Nf4 Bg5 18. Qg4 Bxf4 19. Bxf4 e5 20. Bh6 Qf6 21. Bg5 Qg6 22. Qh4 Rc7 23. Bh3 Bc8 24. Bg2 f6 25. Bd2 Qg4 26. Qxg4 Bxg4 27. f3 Be6 28. a4 Nd7 29. a5 Kf7 30. Ra1 Ke7 31. Ra3 h6 32. h4 Rb8 33. Kf2 Rf8 34. Ke3 Rg8 35. Rh1 Rf8 36. f4 Bg4 37. h5 Be6 38. Bh3 Bxh3 39. Rxh3 Rf7 40. Rh1 Rf8 41. Rha1 Rb7 42. axb6 axb6 43. Ra8 Rxa8 44. Rxa8 Kf7 45. Kf3 Ke6 46. Re8+ Kf7 47. Ra8 Ke6 48. Re8+ 1/2-1/2

[Event "NRW Class2 0708"]
[Site "Germany"]
[Date "2007.12.09"]
[Round "4.5"]
[White "Gross, Werner"]
[Black "Smit, Erik"]
[Result "0-1"]
[WhiteElo "2272"]
[BlackElo "2250"]
[PlyCount "106"]
[EventDate "2007.09.16"]
[EventType "team"]
[EventRounds "9"]
[EventCountry "GER"]
[SourceTitle "EXT 2009"]
[Source "ChessBase"]
[SourceDate "2008.11.26"]
[SourceVersion "1"]
[SourceVersionDate "2008.11.26"]
[SourceQuality "1"]
[WhiteTeam "Niederkassel"]
[BlackTeam "Emsdetten II"]
[WhiteTeamCountry "GER"]
[BlackTeamCountry "GER"]

1. Nf3 d5 2. c4 e6 3. g3 Nf6 4. Bg2 Be7 5. 0-0 0-0 6. b3 b6 7. Bb2 Bb7 8. d3 Nbd7 9. Nbd2 c5 10. cxd5 exd5 11. Nh4 Re8 12. Rc1 Bf8 13. Rc2 Rb8 14. Ndf3 d4 15. Bc1 Nd5 16. Bd2 N7f6 17. Re1 h6 18. e4 dxe3 19. fxe3 Ng4 20. e4 Nb4 21. Bxb4 cxb4 22. Nf5 g6 23. N5h4 Bg7 24. Qd2 Bc3 25. Rxc3 bxc3 26. Qxc3 Rc8 27. Qd2 Ne5 28. Qxh6 Nxf3+ 29. Bxf3 Qd4+ 30. Qe3 Qxe3+ 31. Rxe3 Rc2 32. Re2 Rec8 33. Kf2 Rxe2+ 34. Bxe2 Rc2 35. Nf3 Rxa2 36. Ke3 Bc8 37. Nd2 a5 38. d4 Bd7 39. Bc4 b5 40. Bd5 Be6 41. Bc6 Bxb3 42. d5 Bc4 43. Nxc4 bxc4 44. Kd4 Re2 45. e5 c3 46. Kxc3 Rxe5 47. Kd4 Re2 48. Kc5 Rxh2 49. Kb6 Kf8 50. d6 Rd2 51. d7 Ke7 52. Kxa5 Rxd7 53. Bxd7 Kxd7 0-1

[Event "NRW Class2 0708"]
[Site "Germany"]
[Date "2007.10.14"]
[Round "2.7"]
[White "Gross, Werner"]
[Black "Pinnel, Peter"]
[Result "1/2-1/2"]
[WhiteElo "2272"]
[BlackElo "2114"]
[PlyCount "50"]
[EventDate "2007.09.16"]
[EventType "team"]
[EventRounds "9"]
[EventCountry "GER"]
[SourceTitle "EXT 2009"]
[Source "ChessBase"]
[SourceDate "2008.11.26"]
[SourceVersion "1"]
[SourceVersionDate "2008.11.26"]
[SourceQuality "1"]
[WhiteTeam "Niederkassel"]
[BlackTeam "Hagen"]
[WhiteTeamCountry "GER"]
[BlackTeamCountry "GER"]

1. Nf3 e6 2. c4 f5 3. g3 Nf6 4. Bg2 d5 5. b3 Bd6 6. Bb2 0-0 7. 0-0 c6 8. d4 Nbd7 9. Nbd2 Ng4 10. h3 Ngf6 11. Ne5 Ne4 12. Nxe4 fxe4 13. Qd2 Qc7 14. Nxd7 Bxd7 15. c5 Be7 16. Kh2 Bf6 17. f3 exf3 18. exf3 e5 19. dxe5 Bxe5 20. Bxe5 Qxe5 21. Rae1 Qf6 22. Re3 Rae8 23. Rfe1 Qf7 24. Qd4 Rxe3 25. Rxe3 Re8 1/2-1/2